LEADER 01110nam a2200241 i 4500 001 000000162881 003 CaOOAMICUS 005 20240207115031.0 008 070711s1949 it u000 u ita u 040 $aSeMil$bita 245 10$aTeatro religioso del Medioevo fuori d'Italia :$braccolta di testi dal secolo 7. al secolo 15. /$cA cura di Gianfranco Contini. 260 $aMilano :$bValentino Bompiani,$c1949. 300 $aXXIX, 555 p., [40] p. di tav. ;$c22 cm. 490 0 $aPantheon 650 4$aTeatro e religione - Sec. 7.-15.$0(OLS)http://semarc/subject/55041 700 1 $aContini, Gianfranco,$d<1912-1990>.$0(OLS)http://semarc/name/2323 830 0$aPantheon.$0(OLS)http://semarc/title/18018 850 $aSeMil 852 $aSeMil$W1$xVenegono$y1$m1T IV 76$j245911$B114206$CSeMilBibl$Z2$F125058 $81 961 $aRecupero: Altro 996 $6245$aTeatro religioso del Medioevo fuori d'Italia :$braccolta di testi dal secolo 7. al secolo 15.$9(OLS)http://semarc/title/232380 996 $6260$aMilano :$bValentino Bompiani$9(OLS)http://semarc/publisher/32383 LEADER 01195nam a2200229 i 4500 001 000000228780 003 CaOOAMICUS 005 20140410000000.0 008 140410s2014 it u000 u ita u 013 $a207682 040 $aSeMil$bita 245 12$aL?Industria bancaria verso gli anni 2020 :$brigenerazione manageriale : seminario : introduzione. Perugia, Castello dell'Oscano 20-21-22- marzo 2014 /$cGiuseppe Vigorelli. 260 $aMilano :$bAssociazione per lo Sviluppo degli Studi di Banca e Borsa,$c2014. 300 $a45 p. ;$c21 cm. 500 $aSul front. : Sadibatrentotto, N. 32. 650 4$aBanche.$0(OLS)http://semarc/subject/5176 700 1 $aVigorelli, Giuseppe.$0(OLS)http://semarc/name/76461 850 $aSeMil 852 $aSeMil$W1$xVenegono$y1$m5D X 25/50$j179126$B179126$CSeMilBibl$Z2$F191269 $81 961 $aOmaggio: Maffi mons. Giuseppe 996 $6245$aL?Industria bancaria verso gli anni 2020 :$brigenerazione manageriale : seminario : introduzione. Perugia, Castello dell'Oscano 20-21-22- marzo 2014$9(OLS)http://semarc/title/327457 996 $6260$aMilano :$bAssociazione per lo Sviluppo degli Studi di Banca e Borsa$9(OLS)http://semarc/publisher/53634